International minerals (Record no. 9197)

000 -LEADER
fixed length control field 00616nam a2200217 a 4500
001 - CONTROL NUMBER
control field 9197
003 - CONTROL NUMBER IDENTIFIER
control field BD-DhUET
008 - FIXED-LENGTH DATA ELEMENTS--GENERAL INFORMATION
fixed length control field 840120s1983 coua b 100 0 eng
020 ## - INTERNATIONAL STANDARD BOOK NUMBER
International Standard Book Number 0865316228
040 ## - CATALOGING SOURCE
Original cataloging agency DLC
Transcribing agency DLC
Modifying agency BD-DhUET
082 00 - DEWEY DECIMAL CLASSIFICATION NUMBER
Classification number 333.8
Item number AGN/1983
100 ## - MAIN ENTRY--PERSONAL NAME
Personal name Agnew, Allen F.
245 00 - TITLE STATEMENT
Title International minerals
Remainder of title a national perspective
250 ## - EDITION STATEMENT
Edition statement 1st ed.
260 ## - PUBLICATION, DISTRIBUTION, ETC. (IMPRINT)
Place of publication, distribution, etc. Colorado
Name of publisher, distributor, etc. Westview Press
Date of publication, distribution, etc. 1983
300 ## - PHYSICAL DESCRIPTION
Extent xv, 164 p.
Other physical details ill.
Dimensions 24 cm.
490 1# - SERIES STATEMENT
Series statement AAAS selected symposia series
504 ## - BIBLIOGRAPHY, ETC. NOTE
Bibliography, etc Includes bibliographies
650 #0 - SUBJECT ADDED ENTRY--TOPICAL TERM
Topical term or geographic name as entry element Mines and mineral resources
Geographic subdivision United States
942 ## - ADDED ENTRY ELEMENTS (KOHA)
Koha item type Edited Book
Holdings
Shelving location Price effective from Not for loan Withdrawn status Location (home branch) Sublocation or collection (holding branch) Source of classification or shelving scheme Koha full call number Copy number Koha collection Lost status Koha date last seen Piece designation (barcode) Date acquired Koha item type Damaged status Koha normalized classification for sorting
Circulation section2015-01-28  Central Library, BUETCentral Library, BUET 333.85/AGN/19831  2015-01-28707392015-01-28Edited Book 333_850000000000000_AGN_1983
Circulation section2015-01-29  Central Library, BUETCentral Library, BUET 333.85/AGN/19832Non Fiction 2015-01-29707402015-01-29Edited Book 333_850000000000000_AGN_1983